| 000 | 00485nab a2200205 a 4500 | ||
|---|---|---|---|
| 001 | 19210 | ||
| 003 | 51004 | ||
| 005 | 20201118095820.0 | ||
| 008 | ||||||n9999 ||| || || | ||
| 100 | _aGantiva Silva, Jorge | ||
| 245 | 0 | _aExiste una filosofia de la paz..q | |
| 300 | _app. 49-56 | ||
| 562 | _e0 | ||
| 650 | _aANÁLISIS (FILOSOFÍA) | ||
| 650 | _aGUERRA | ||
| 650 | _aPACIFICACION | ||
| 650 | _aVIOLENCIA | ||
| 773 |
_019050 _aRevista Foro - No.3 |
||
| 942 | _cSART | ||
| 999 |
_c19210 _d19210 |
||